00652nam a2200169 i 4500001000700000003000900007005001700016008004100033040002000074100002200094245010300116260004400219300003400263490004700297830004700344852009100391154207ES-MaACL20230906205550.0040809s1866 gw |||| | eng d aCAM bspa cCAM1 aPiddington, Rose.14aThe gain of a loss b: a novel / cby the author of "The last of the Cavaliers" [Rose Piddington]. aLeipzig : bBernhard Tauchnitz, c1866. a1 v. (335; 331 p.) ; c17 cm.1 aCollection of British Authors ; v860; 8610 aCollection of British Authors ; v860; 861 aES-MaACLjG-13128 z-- Enc. hol., conservando al enc. editorial z-- Enc. 2 t. en 1 v.